[Event "29th Czech Open-Rapid 2018"]
[Site "Pardubice"]
[Date "2018.07.18"]
[Round "3"]
[White "Pein, Jonathan"]
[Black "Burdalev, Kirill"]
[Result "1/2-1/2"]
[WhiteElo "2106"]
[BlackElo "2377"]
[Annotator "TA"]
[PlyCount "146"]
[EventDate "2018.07.18"]
[EventType "swiss"]
[EventCountry "CZE"]
[SourceTitle "playchess.com"]
[Source "ChessBase"]
[SourceQuality "1"]

{[%evp 16,145,54,47,49,42,47,-23,-20,-27,22,0,0,-83,-62,-64,-9,-28,-19,-18,27,-163,-164,-158,-111,-158,-162,-156,-91,-84,-77,-125,-97,-97,-95,-91,-94,-90,-89,-84,-71,-85,-85,-75,-62,-93,-87,-97,-106,-95,-101,-121,-118,-111,-17,-119,-75,-62,-32,-92,-92,-71,-76,-104,-94,-91,-91,-98,-81,-149,-136,-329,-8,-17,-18,-70,-17,-17,-17,-17,-17,-17,-17,-17,-17,-66,-23,-13,-12,-22,0,-29984,0,-16,-16,-24,-32,-34,-8,-8,0,0,0,-150,0,0,0,0,0,0,0,0,0,0,0,0,0,0,0,0,0,0,0,0,0,0,0,0,0,0,0,0]} 1. e4 Nf6 2. e5 Nd5 3. d4 d6 4. c4 Nb6 5. f4 g6 6. Nc3 Bg7 7. Be3 Be6 {B03: Alekhine's Defence: Four Pawns Attack} 8. d5 (8. Nf3 O-O 9. c5 Nd5 10. Nxd5 Bxd5 11. Be2 Nc6 12. O-O b6 13. cxd6 cxd6 14. Rc1 Rc8 15. Qa4 {1-0 (90) Jones,G (2640)-Daulyte,D (2439) chess.com INT 2018}) 8... Bc8 9. Nf3 {LiveBook: 3 Games} O-O {White is slightly better.} 10. Be2 Bg4 11. exd6 $146 (11. c5 $14 N6d7 12. O-O) ({Predecessor:} 11. c5 Bxf3 12. Bxf3 Nc4 13. Bf2 c6 14. Qe2 cxd5 15. Nxd5 {1-0 (35) Kucza,K (2278)-Sergeev,V (2446) Gorzow Wielkopolski 2017}) 11... exd6 12. O-O N8d7 (12... Bxc3 $5 13. bxc3 Re8 $11) 13. Bd4 Bxd4+ 14. Nxd4 (14. Qxd4 $11 {keeps the balance.} Qf6 15. b3) 14... Bxe2 $17 15. Qxe2 Qf6 (15... Re8 $15 16. Qf2 Nxc4) 16. Rad1 Rae8 17. Qg4 Re3 18. Nce2 $2 (18. f5 $1 $11 {and White stays safe.}) 18... h5 $36 {[%mdl 2048] Black is on the roll.} 19. Qg5 Nxc4 20. Qxf6 Nxf6 21. Rc1 Nb6 (21... Nxb2 $142 22. Rxc7 Rb8) 22. Rxc7 $17 Rb8 ({Much weaker is} 22... Nfxd5 23. Rxb7 Rfe8 24. Nc3 $11) 23. f5 Nfxd5 24. Rcc1 Rbe8 25. fxg6 fxg6 26. Nf4 Nxf4 $1 27. Rxf4 Re1+ 28. Rf1 Rxc1 29. Rxc1 Rc8 30. Rxc8+ Nxc8 $15 {[%mdl 4096] Endgame KN-KN} 31. Ne6 b6 32. Kf2 Kf7 33. Nf4 Ne7 34. Ke3 Ke8 (34... Kf6 $17 35. Ke4 Kf7) 35. h3 (35. Ke4 $11 {remains equal.}) 35... Kd7 36. Ke4 Kc6 37. g4 (37. b3 $15) 37... hxg4 $17 38. hxg4 Kc5 $1 39. g5 a5 40. Ne6+ Kc4 $1 41. Nd4 a4 42. b3+ axb3 43. Nxb3 $2 {[#]} (43. axb3+ $17 Kb4 44. Kf4) 43... Nc6 $2 ({Better is} 43... b5 $1 $19 {aiming for ...Kc3.} 44. Nd4 b4) 44. Nd2+ $11 Kc3 45. Nf3 (45. Nf1 $11) 45... Ne7 (45... b5 $1 $15 46. a3 Ne7) 46. Nd4 Kb4 47. Kf4 Kc5 48. Ke4 $1 d5+ 49. Kd3 Kd6 50. Nf3 $1 Ke6 (50... Nc6 $5 {[%cal Rc6e5]} 51. Nh4 Ne5+ 52. Kd4 Nf7 $17) 51. a4 Kf5 {...Kf4 is the strong threat.} 52. Kd4 Ke6 {And now ...Nc6+ would win.} 53. Ne5 $2 {[%mdl 8192]} (53. Kd3 $11) 53... Kf5 $2 (53... Nf5+ {mates} 54. Kd3 Kxe5 55. Ke2 Ke4 56. Kf2 Kd3 57. Kf3 Kc2 58. Kf4 d4 59. Ke5 d3 60. Kf6 Nh4 61. Ke6 d2 62. Kd7 d1=Q+ 63. Kc7 Qd4 64. Kc6 Qc5+ 65. Kd7 Nf5 66. Ke6 Qd6+ 67. Kf7 Kd3 68. a5 bxa5 69. Kg8 Qe7 70. Kh8 Qg7#) 54. Nf3 Kg4 55. Ne5+ Kxg5 {Strongly threatening ...Kf4.} 56. Nd7 Nc8 57. Kxd5 Kf4 58. Kc6 g5 {White must now prevent ...Kf5.} 59. Nxb6 {[#]} (59. Kc7 $11) 59... Nxb6 ({Black should play} 59... g4 $1 $17 60. Nd5+ Kf3) 60. Kxb6 {KP-KP. The position is equal.} g4 61. a5 {[%cal Ba4a5,Ba5a6,Ba6a7][%mdl 32]} g3 {( -> ...g2)} 62. a6 g2 63. a7 g1=Q+ 64. Kb7 Qg7+ 65. Kb8 $1 Qf8+ (65... Ke3 {seems wilder.} 66. a8=Q Qh8+ 67. Ka7 Qa1+ 68. Kb8 Qh8+) 66. Kb7 Qe7+ 67. Kb8 Qe8+ 68. Kb7 Qb5+ 69. Kc7 Qa6 70. Kb8 Qb6+ 71. Ka8 Qc6+ 72. Kb8 Qb6+ 73. Ka8 Ke5 $2 {[%mdl 8192] Precision: White = 51%, Black = 47%.} (73... Qd6 74. Kb7 Qb4+ 75. Kc7 Qc4+ 76. Kb8 Qb5+ 77. Kc7 Qa6) 1/2-1/2

[Event "29th Czech Open-Rapid 2018"]
[Site "Pardubice"]
[Date "2018.07.18"]
[Round "3"]
[White "Sinauridze, Simons"]
[Black "Zdechovsky, Tobias"]
[Result "*"]
[WhiteElo "2088"]
[BlackElo "1675"]
[Annotator "NA RC"]
[PlyCount "72"]
[EventDate "2018.07.18"]
[EventType "swiss"]
[EventCountry "CZE"]
[SourceTitle "playchess.com"]
[Source "ChessBase"]
[SourceQuality "1"]
[TimeControl "900+10"]

1. e4 {[%emt 0:00:00]} c5 {[%emt 0:00:00]} 2. Nf3 {[%emt 0:00:00]} Nc6 {[%emt 0:00:00]} 3. Bb5 {[%emt 0:00:00]} g6 {[%emt 0:00:00]} 4. O-O {[%emt 0:00:01]} Bg7 $11 {[%emt 0:00:00]} 5. c3 {[%emt 0:00:11]} Nf6 {[%emt 0:00:00]} 6. Re1 {[%emt 0:00:01]} O-O {[%emt 0:00:25]} 7. d4 {[%emt 0:00:05]} cxd4 {[%emt 0:00:03]} 8. cxd4 {[%emt 0:00:03]} d5 {[%emt 0:00:08]} 9. e5 {[%emt 0:00:04]} Ne4 {[%emt 0:00:21]} 10. h3 {[%emt 0:00:33]} f5 {[%emt 0:00:21]} 11. Nc3 {[%emt 0:00:52]} Qb6 {[%emt 0:00:46]} 12. a4 {[%emt 0:00:52]} e6 {[%emt 0:00:40]} 13. Ne2 {[%emt 0:01:00]} Qd8 {[%emt 0:03:11]} 14. h4 {[%emt 0:00:57]} h6 {[%emt 0:00:42]} 15. Bd3 {[%emt 0:00:16]} Nb4 {[%emt 0:00:53]} 16. Bb1 {[%emt 0:00:13]} a5 {[%emt 0:01:31]} 17. Nf4 {[%emt 0:00:58]} Kh7 {[%emt 0:00:47]} 18. Ra3 {[%emt 0:00:22]} g5 {[%emt 0:00:35]} 19. hxg5 {[%emt 0:00:10]} hxg5 {[%emt 0:00:02]} 20. Bxe4 {[%emt 0:00:14]} dxe4 {[%emt 0:00:17]} 21. Nxg5+ {[%emt 0:00:04]} Qxg5 {[%emt 0:00:53]} 22. Nxe6 {[%emt 0:00:08]} Qe7 {[%emt 0:00:31]} 23. Nxf8+ {[%emt 0:00:48]} Qxf8 {[%emt 0:00:28]} 24. Qh5+ {[%emt 0:01:13]} Kg8 {[%emt 0:00:45]} 25. Rh3 {[%emt 0:00:31]} Nd3 {[%emt 0:00:42]} 26. Qh7+ {[%emt 0:00:41]} Kf7 {[%emt 0:00:01]} 27. Rxd3 {[%emt 0:02:44]} exd3 {[%emt 0:00:10]} 28. d5 {[%emt 0:00:02]} Qh8 {[%emt 0:03:18]} 29. e6+ {[%emt 0:00:05]} Kf6 {[%emt 0:00:01]} 30. Qxh8 {[%emt 0:01:55]} Bxh8 {[%emt 0:00:02]} 31. Bf4 {[%emt 0:00:02]} Kg6 {[%emt 0:01:44]} 32. d6 {[%emt 0:00:07]} Bxb2 {[%emt 0:00:43]} 33. d7 {[%emt 0:00:13]} Bxd7 {[%emt 0:00:02]} 34. exd7 {[%emt 0:00:02]} Rd8 {[%emt 0:00:21]} 35. Re6+ {[%emt 0:00:02]} Kf7 {[%emt 0:00:03]} 36. Rd6 {[%emt 0:00:01]} Ke7 {[%emt 0:00:08]} *

[Event "29th Czech Open-Rapid 2018"]
[Site "Pardubice"]
[Date "2018.07.18"]
[Round "3"]
[White "Hajek, Jiri"]
[Black "Sarkar, Justin"]
[Result "0-1"]
[WhiteElo "2081"]
[BlackElo "2307"]
[Annotator "TA"]
[PlyCount "76"]
[EventDate "2018.07.18"]
[EventType "swiss"]
[EventCountry "CZE"]
[SourceTitle "playchess.com"]
[Source "ChessBase"]
[SourceQuality "1"]

{[%evp 12,76,23,15,8,-8,0,-14,-7,-20,-12,-13,-19,-14,10,-76,-72,-87,-86,-83,-47,-63,-57,-60,-49,-76,-64,-93,-90,-108,-103,-119,-110,-108,-112,-96,-95,-338,-326,-363,-366,-351,-358,-427,-412,-916,-903,-1013,-993,-987,-980,-936,-933,-2538,-2109,-2104,-1873,-1791,-952,-877,-606,-1197,-1187,-1132,-1065,-820,-306]} 1. e4 e5 2. Nf3 Nc6 3. Nc3 Nf6 4. Bb5 Bd6 5. O-O (5. d3 h6 6. Ne2 a6 7. Ba4 b5 8. Bb3 Na5 9. d4 Nxb3 10. axb3 Nxe4 11. dxe5 Bc5 12. Qd5 Bxf2+ 13. Kf1 {½-½ (49) Inarkiev,E (2689)-Svidler,P (2765) St Petersburg 2017}) 5... O-O 6. d3 {C48: Four Knights: 4 Bb5, replies other than 4...Bb4} a6 7. Bc4 {LiveBook: 5 Games} b5 8. Bd5 {The position is equal.} Nxd5 9. Nxd5 Ne7 $146 ({Predecessor:} 9... Bb7 10. Bg5 f6 11. Bd2 Ne7 12. Ne3 f5 13. Bc3 fxe4 14. Bxe5 exf3 15. Bxd6 fxg2 {0-1 (25) Murillo Mosquera,A-Arias,R Cali 2014}) 10. Re1 Nxd5 11. exd5 Re8 12. c4 c6 13. dxc6 (13. Ng5 $11 {keeps the balance.} Be7 14. Rxe5 (14. Qh5 Bxg5 15. Bxg5 f6 $15)) 13... dxc6 $17 14. Qe2 Bf5 15. Be3 e4 16. dxe4 $1 Bxe4 17. Rad1 {[#] c5 is the strong threat.} Qf6 18. c5 Bc7 19. Rd7 Rac8 20. Red1 h6 21. R1d2 Bd5 22. Qd1 Qe6 23. R7xd5 cxd5 24. Rxd5 $2 (24. b4 $17) 24... Rcd8 $19 25. Rxd8 Rxd8 ({Less strong is} 25... Bxd8 26. Qb1 $17) 26. Qc1 Qxa2 27. g3 Qd5 28. Nd4 (28. Nd2 $142) 28... Be5 {Black is clearly winning.} 29. Nf5 Qf3 30. Nd6 Bxd6 31. cxd6 Rxd6 {[%mdl 4096] [#] Endgame Threatens to win with ...Rd1+. KQR-KQB} 32. Qc8+ Kh7 {[%cal Rd6d1]} 33. Qc2+ g6 34. Bd2 Rc6 35. Qb1 Qd5 36. Be3 Rd6 37. Qc2 Qd1+ 38. Qxd1 Rxd1+ {Precision: White = 18%, Black = 67%.} 0-1

[Event "29th Czech Open-Rapid 2018"]
[Site "Pardubice"]
[Date "2018.07.18"]
[Round "3"]
[White "Krouzel, Jaroslav"]
[Black "Roskova, Katerina"]
[Result "1-0"]
[WhiteElo "2079"]
[BlackElo "1950"]
[Annotator "NA"]
[PlyCount "81"]
[EventDate "2018.07.18"]
[EventType "swiss"]
[EventCountry "CZE"]
[SourceTitle "playchess.com"]
[Source "ChessBase"]
[SourceQuality "1"]
[TimeControl "900+10"]

1. d4 {[%emt 0:00:00]} Nf6 {[%emt 0:00:00]} 2. c4 {[%emt 0:00:00]} g6 {[%emt 0:00:00]} 3. Nc3 {[%emt 0:00:00]} d5 {[%emt 0:00:01]} 4. Nf3 {[%emt 0:00:00]} Bg7 {[%emt 0:00:04]} 5. Bg5 {[%emt 0:00:01]} Ne4 {[%emt 0:01:17]} 6. cxd5 {[%emt 0:00:10]} Nxg5 {[%emt 0:00:20]} 7. Nxg5 {[%emt 0:00:03]} e5 {[%emt 0:01:23]} 8. Nf3 {[%emt 0:00:23]} exd4 {[%emt 0:00:05]} 9. Nxd4 {[%emt 0:00:03]} O-O {[%emt 0:00:10]} 10. e3 {[%emt 0:00:08]} Re8 {[%emt 0:02:03]} 11. Be2 {[%emt 0:00:05]} Nd7 {[%emt 0:01:06]} 12. O-O {[%emt 0:00:20]} Nf6 {[%emt 0:00:39]} 13. Bf3 {[%emt 0:00:05]} h5 {[%emt 0:00:54]} 14. Rc1 {[%emt 0:00:31]} Bg4 {[%emt 0:00:46]} 15. h3 {[%emt 0:00:07]} Bxf3 {[%emt 0:01:17]} 16. Qxf3 {[%emt 0:00:05]} a6 {[%emt 0:00:17]} 17. Rfd1 {[%emt 0:00:13]} Qd7 {[%emt 0:00:18]} 18. Nb3 {[%emt 0:00:54]} Rad8 {[%emt 0:00:30]} 19. Nc5 {[%emt 0:01:42]} Qc8 {[%emt 0:00:05]} 20. d6 {[%emt 0:02:13]} Rxd6 {[%emt 0:01:11]} 21. Rxd6 {[%emt 0:00:10]} cxd6 {[%emt 0:00:01]} 22. Nxb7 {[%emt 0:00:53]} Re6 {[%emt 0:00:11]} 23. Ne2 {[%emt 0:00:44]} Qd7 {[%emt 0:00:24]} 24. Qc6 {[%emt 0:01:42]} Qxc6 {[%emt 0:00:19]} 25. Rxc6 {[%emt 0:00:02]} Nd5 {[%emt 0:00:35]} 26. Rxa6 {[%emt 0:01:28]} Bxb2 {[%emt 0:00:37]} 27. Rxd6 {[%emt 0:00:31]} Re7 {[%emt 0:00:55]} 28. Rxd5 {[%emt 0:00:15]} Rxb7 {[%emt 0:00:02]} 29. Ra5 {[%emt 0:00:24]} Kg7 {[%emt 0:00:16]} 30. f4 {[%emt 0:00:05]} Rc7 {[%emt 0:00:18]} 31. Kf2 {[%emt 0:00:22]} Rc2 {[%emt 0:00:25]} 32. Kf3 {[%emt 0:00:03]} f6 {[%emt 0:00:14]} 33. a4 {[%emt 0:00:13]} Kf7 {[%emt 0:01:01]} 34. Ra8 {[%emt 0:00:19]} f5 {[%emt 0:00:26]} 35. a5 {[%emt 0:00:08]} Ba3 {[%emt 0:01:18]} 36. a6 {[%emt 0:00:59]} Ra2 {[%emt 0:00:09]} 37. Nc3 {[%emt 0:01:25]} Ra1 {[%emt 0:00:06]} 38. Nb5 {[%emt 0:00:09]} Bc5 {[%emt 0:00:02]} 39. Rc8 {[%emt 0:01:10]} Bb6 {[%emt 0:00:13]} 40. a7 {[%emt 0:00:09]} Bxa7 {[%emt 0:00:25]} 41. Rc7+ {[%emt 0:00:02]} 1-0

[Event "29th Czech Open-Rapid 2018"]
[Site "Pardubice"]
[Date "2018.07.18"]
[Round "3"]
[White "Pacl, Vaclav"]
[Black "Zaitsev, Alexander"]
[Result "0-1"]
[WhiteElo "2070"]
[BlackElo "2499"]
[Annotator "TA"]
[PlyCount "40"]
[EventDate "2018.07.18"]
[EventType "swiss"]
[EventCountry "CZE"]
[SourceTitle "playchess.com"]
[Source "ChessBase"]
[SourceQuality "1"]

{[%evp 18,40,10,12,8,0,0,0,0,0,0,0,0,0,0,0,0,-51,-3,-56,-29,-52,-72,-208,-202]} 1. Nf3 Nf6 2. e3 b6 3. b3 Bb7 4. Bb2 e6 5. d4 c5 6. Nbd2 Be7 7. Bd3 O-O 8. O-O Nc6 9. a3 Re8 {A47: 1 d4 Nf6 2 Nf3 b6: Torre, London and Colle Systems} (9... Rc8 10. Re1 d5 11. Qe2 cxd4 12. exd4 Re8 13. c4 Bf8 14. Rad1 g6 15. Qe3 Bg7 16. Ne5 dxc4 17. bxc4 Nxe5 18. dxe5 {0-1 (48) Mamedyarov,S (2768)-Leko,P (2693) Doha 2016}) 10. Qe2 {LiveBook: 6 Games} Bf8 11. e4 $146 cxd4 {The position is equal.} 12. Nxd4 Nxd4 13. Bxd4 e5 14. Bb2 d5 15. Rad1 Rc8 16. Rfe1 d4 $36 {[%mdl 2048] Black has some pressure.} 17. Nf1 ({Better is} 17. Nb1 $11) 17... Qc7 18. Qf3 (18. Rc1 $11) 18... Qc6 19. Ng3 g6 20. Ne2 (20. a4 $17) 20... Nxe4 {Precision: White = 42%, Black = 68%.} 0-1

[Event "29th Czech Open-Rapid 2018"]
[Site "Pardubice"]
[Date "2018.07.18"]
[Round "3"]
[White "Michelle Catherina, P."]
[Black "Zakhartsov, Viacheslav V"]
[Result "0-1"]
[WhiteElo "2069"]
[BlackElo "2539"]
[Annotator "TA"]
[PlyCount "78"]
[EventDate "2018.07.18"]
[EventType "swiss"]
[EventCountry "CZE"]
[SourceTitle "playchess.com"]
[Source "ChessBase"]
[SourceQuality "1"]

{[%evp 22,78,-25,-78,-64,-64,-53,-75,-51,-50,-58,-55,-29,-37,7,-12,42,5,14,0,66,62,64,53,56,54,66,48,35,-93,46,34,40,22,137,36,40,41,45,0,18,34,93,50,47,18,15,-881,-856,-29991,-29992,-29992,-29988,-29988,-29989,-29989,-29990,-29990,-29991]} 1. c4 Nf6 2. Nc3 e5 3. g3 Bb4 4. Bg2 O-O 5. d3 Re8 6. e4 Bxc3+ 7. bxc3 c6 {A21: English Opening: 1...e5 2 Nc3} 8. Ne2 d5 9. cxd5 cxd5 10. exd5 Nxd5 11. O-O Nc6 12. h3 {LiveBook: 4 Games} (12. Rb1 $11) 12... Be6 13. Rb1 $146 ({Predecessor:} 13. Kh2 Qd7 14. Bb2 Rad8 15. Qc1 {0-1 (66) Tahbaz,A (2451)-Mamedov,N (2602) Nakhchivan 2018}) 13... Qd7 14. Kh2 Rad8 15. c4 Ndb4 16. Qb3 b6 17. Rd1 Na6 18. Be3 Na5 (18... Nd4 $11 19. Nxd4 exd4) 19. Qc3 Qc7 20. Rdc1 Nb7 (20... Bf5 $11 21. Bd5 Nc5) 21. d4 $14 Bf5 22. Rb5 {Strongly threatening c5.} exd4 23. Nxd4 Be4 24. Nf5 {[%csl Gf5][%cal Rc3g7]} f6 25. Bf4 {[#]} (25. Bh6 $14 {stays ahead.} Bxf5 26. Rxf5) 25... Qd7 ({Better is} 25... Qc6 $1 $17 26. Bxe4 Qxe4) 26. Bxe4 Rxe4 27. Rd5 Qe8 {[#]} (27... Qe6 $1 $11 {keeps the balance.} 28. Rcd1 Rxd5 29. Rxd5 Nac5) 28. Rcd1 (28. Bh6 $1 $16) 28... Rxd5 $1 29. cxd5 Nac5 30. Nd6 Nxd6 31. Bxd6 Nb7 ({Black should play} 31... Qb5 $14) 32. Bf4 Re2 33. Be3 {aiming for Qd3.} Nd6 ({Wrong is} 33... Rxa2 $2 34. Qc4 $18) 34. Qc6 $2 {[%mdl 8192]} (34. Kg1 $11) 34... Qxe3 $1 $19 35. Qa8+ Kf7 {Black mates.} 36. Rf1 Rxf2+ 37. Rxf2 Qxf2+ 38. Kh1 Ne4 {[%cal Re4g3]} 39. Qxa7+ Kg6 {Precision: White = 28%, Black = 33%.} 0-1

[Event "29th Czech Open-Rapid 2018"]
[Site "Pardubice"]
[Date "2018.07.18"]
[Round "3"]
[White "Zdrazil, Tomas"]
[Black "Alekseev, Mikhail G"]
[Result "1-0"]
[WhiteElo "2065"]
[BlackElo "1855"]
[Annotator "NA"]
[PlyCount "53"]
[EventDate "2018.07.18"]
[EventType "swiss"]
[EventCountry "CZE"]
[SourceTitle "playchess.com"]
[Source "ChessBase"]
[SourceQuality "1"]
[TimeControl "900+10"]

1. e4 {[%emt 0:00:00]} c6 {[%emt 0:00:00]} 2. d4 {[%emt 0:00:00]} d5 {[%emt 0:00:00]} 3. Nc3 {[%emt 0:00:00]} a6 {[%emt 0:00:00]} 4. Nf3 {[%emt 0:00:00]} Bg4 {[%emt 0:00:00]} 5. Be2 {[%emt 0:01:13]} e6 {[%emt 0:00:06]} 6. h3 {[%emt 0:00:16]} Bh5 {[%emt 0:00:10]} 7. O-O {[%emt 0:00:14]} Nf6 {[%emt 0:00:16]} 8. exd5 {[%emt 0:06:08]} cxd5 {[%emt 0:00:59]} 9. Bf4 {[%emt 0:00:05]} Bxf3 {[%emt 0:01:06]} 10. Bxf3 {[%emt 0:00:02]} Nc6 {[%emt 0:00:13]} 11. Ne2 {[%emt 0:00:31]} Bd6 {[%emt 0:00:23]} 12. c3 {[%emt 0:00:07]} O-O {[%emt 0:00:23]} 13. Qd2 {[%emt 0:01:11]} b5 {[%emt 0:00:54]} 14. Nc1 {[%emt 0:01:38]} Bxf4 {[%emt 0:01:08]} 15. Qxf4 {[%emt 0:00:02]} Qb8 {[%emt 0:00:23]} 16. Qxb8 {[%emt 0:00:21]} Raxb8 {[%emt 0:00:23]} 17. a3 {[%emt 0:00:03]} a5 {[%emt 0:00:58]} 18. Nd3 {[%emt 0:00:02]} b4 {[%emt 0:01:15]} 19. axb4 {[%emt 0:00:03]} axb4 {[%emt 0:00:01]} 20. Ra6 {[%emt 0:00:08]} Rfc8 {[%emt 0:00:05]} 21. Rfa1 {[%emt 0:01:30]} bxc3 {[%emt 0:00:08]} 22. bxc3 {[%emt 0:00:02]} g6 {[%emt 0:01:55]} 23. R1a3 {[%emt 0:01:01]} Kg7 {[%emt 0:01:33]} 24. g3 {[%emt 0:00:01]} Nd7 {[%emt 0:00:27]} 25. Kg2 {[%emt 0:00:19]} Nb6 {[%emt 0:00:31]} 26. Rb3 {[%emt 0:01:20]} Nc4 {[%emt 0:00:24]} 27. Rxc6 {[%emt 0:00:26]} 1-0

[Event "29th Czech Open-Rapid 2018"]
[Site "Pardubice"]
[Date "2018.07.18"]
[Round "3"]
[White "Kusa, Jakub"]
[Black "Skliarov, Viktor"]
[Result "0-1"]
[WhiteElo "2061"]
[BlackElo "2357"]
[Annotator "NA"]
[PlyCount "76"]
[EventDate "2018.07.18"]
[EventType "swiss"]
[EventCountry "CZE"]
[SourceTitle "playchess.com"]
[Source "ChessBase"]
[SourceQuality "1"]
[TimeControl "900+10"]

1. e4 {[%emt 0:00:00]} c5 {[%emt 0:00:00]} 2. Nf3 {[%emt 0:00:00]} Nc6 {[%emt 0:00:00]} 3. d4 {[%emt 0:00:00]} cxd4 {[%emt 0:00:00]} 4. Nxd4 {[%emt 0:00:03]} Nf6 {[%emt 0:00:00]} 5. Nc3 {[%emt 0:00:03]} e5 {[%emt 0:00:00]} 6. Ndb5 {[%emt 0:00:03]} d6 {[%emt 0:00:00]} 7. Bg5 {[%emt 0:00:02]} a6 {[%emt 0:00:00]} 8. Na3 {[%emt 0:00:01]} b5 {[%emt 0:00:01]} 9. Nd5 {[%emt 0:00:03]} Be7 {[%emt 0:00:01]} 10. Bxf6 {[%emt 0:00:02]} Bxf6 {[%emt 0:00:02]} 11. c4 {[%emt 0:00:02]} b4 {[%emt 0:00:05]} 12. Nc2 {[%emt 0:00:02]} a5 {[%emt 0:00:01]} 13. g3 {[%emt 0:00:13]} Bg5 {[%emt 0:00:01]} 14. Bg2 {[%emt 0:00:15]} O-O {[%emt 0:00:02]} 15. O-O {[%emt 0:00:07]} Nb8 {[%emt 0:00:06]} 16. Nce3 {[%emt 0:00:54]} Na6 {[%emt 0:00:20]} 17. b3 {[%emt 0:00:16]} Nc5 {[%emt 0:00:03]} 18. f4 {[%emt 0:00:36]} exf4 {[%emt 0:01:09]} 19. gxf4 {[%emt 0:00:11]} Bh6 {[%emt 0:00:12]} 20. Qh5 {[%emt 0:00:52]} a4 {[%emt 0:00:52]} 21. Rad1 {[%emt 0:02:18]} axb3 {[%emt 0:01:54]} 22. axb3 {[%emt 0:00:08]} Ra3 {[%emt 0:00:09]} 23. e5 {[%emt 0:00:39]} dxe5 {[%emt 0:00:22]} 24. fxe5 {[%emt 0:00:42]} Qg5 {[%emt 0:00:05]} 25. Qxg5 {[%emt 0:01:22]} Bxg5 {[%emt 0:00:01]} 26. Nc2 {[%emt 0:00:06]} Rxb3 {[%emt 0:00:17]} 27. Ncxb4 {[%emt 0:00:18]} h5 {[%emt 0:03:49]} 28. Nc6 {[%emt 0:00:52]} Re8 {[%emt 0:01:06]} 29. Nd4 {[%emt 0:00:57]} Rb2 {[%emt 0:00:34]} 30. Nc6 {[%emt 0:01:39]} Bd7 {[%emt 0:03:04]} 31. Ndb4 {[%emt 0:00:39]} Bg4 {[%emt 0:00:20]} 32. Rb1 {[%emt 0:01:30]} Rd2 {[%emt 0:00:31]} 33. Bd5 {[%emt 0:00:52]} Ne6 {[%emt 0:00:13]} 34. Bxe6 {[%emt 0:00:55]} Rxe6 {[%emt 0:00:22]} 35. Nd5 {[%emt 0:00:48]} Rxc6 {[%emt 0:00:18]} 36. Rb8+ {[%emt 0:00:01]} Kh7 {[%emt 0:00:02]} 37. Rxf7 {[%emt 0:00:49]} Rxc4 {[%emt 0:00:05]} 38. Rb1 {[%emt 0:00:02]} Rxd5 {[%emt 0:00:07]} 0-1

[Event "29th Czech Open-Rapid 2018"]
[Site "Pardubice"]
[Date "2018.07.18"]
[Round "3"]
[White "Holy, Filip"]
[Black "Rosko, Lubos"]
[Result "1/2-1/2"]
[WhiteElo "2057"]
[BlackElo "2279"]
[Annotator "TA"]
[PlyCount "133"]
[EventDate "2018.07.18"]
[EventType "swiss"]
[EventCountry "CZE"]
[SourceTitle "playchess.com"]
[Source "ChessBase"]
[SourceQuality "1"]

{[%evp 22,133,44,36,35,18,23,14,11,15,14,6,20,0,0,0,0,0,0,0,0,-13,-4,-5,0,-20,-11,-19,-14,-21,-9,-9,-6,-16,-6,-30,-24,-23,-12,-97,-16,-30,-17,-25,-13,-22,0,0,0,0,0,0,8,9,12,0,0,-8,-13,-36,0,-191,-188,-174,-161,-300,0,0,0,0,0,0,0,0,0,0,0,0,0,0,0,0,0,0,8,0,0,0,0,0,0,0,0,0,0,0,0,0,0,0,0,0,0,0,0,0,0,0,0,0,8,0,0,0]} 1. d4 Nf6 2. c4 g6 3. Nc3 d5 4. Nf3 Bg7 5. Bg5 Ne4 6. Bh4 Nxc3 7. bxc3 c5 8. e3 Nc6 9. Bd3 dxc4 10. Bxc4 cxd4 11. cxd4 O-O 12. O-O {LiveBook: 6 Partien} b6 {D91: Grünfeldindisch (5.Lg5)} (12... Bf5 13. Rc1 Rc8 14. Qa4 a6 15. Qa3 Rc7 16. Bb3 Bg4 17. Ng5 Bf6 18. Bg3 Bxg5 19. Bxc7 Qxc7 20. Qc5 {½-½ (40) Hellborg,T (2392)-Ernst,T (2530) Sweden 2008}) 13. Qe2 Bb7 14. Ba6 $146 (14. Rfd1 {is more complex.} Rc8 15. Rab1 Na5 16. Bb5 Qd6 17. Bg3) ({Vorgänger:} 14. Rac1 Rc8 15. Bb5 Qd6 16. Qb2 Na5 17. Bg3 Qd5 18. Bc7 Nc6 19. Bg3 Na5 20. Bc7 {½-½ (46) Stoppel,F-Rath,U (2420) Copenhagen 1977}) 14... Qc8 15. Bxb7 Qxb7 16. Rab1 e6 17. Bg3 Rac8 18. Rfc1 Na5 19. Be5 Rxc1+ 20. Rxc1 Rc8 21. Rc2 f6 22. Bg3 Bf8 23. Qd1 Rxc2 24. Qxc2 Qc6 25. Ne1 Kf7 (25... Nc4 {looks sharper.} 26. Nd3 b5 27. h4 Qe4 28. a4 a6) 26. Qxc6 Nxc6 $11 {[%mdl 4096] Endspiel KLS-KLS} 27. Nd3 Ne7 28. Kf1 Nd5 29. Bb8 a6 30. Ba7 (30. Ke2 $11 {hält das Gleichgewicht.}) 30... b5 ({Besser ist} 30... f5 $1 $17) 31. Bc5 a5 32. Ke1 Bxc5 33. Nxc5 {KS-KS} Ke7 34. Kd2 Nb4 35. a4 bxa4 36. Nxa4 e5 37. dxe5 fxe5 38. Kc3 Kd6 39. e4 Kc6 40. Nb2 Kc5 41. Na4+ $2 (41. h4 $11) 41... Kb5 $19 42. Nb2 {[#]} a4 $1 43. Nc4 {[#]} (43. Nd1 {war einen Versuch wert.}) 43... Nc6 $2 (43... Na2+ $1 $19 44. Kd3 Nc1+ 45. Kc3 Ne2+ 46. Kd3 Kb4) 44. g3 $11 {Die Stellung ist ausgeglichen.} g5 45. Nd6+ Kc5 46. Nf7 g4 47. Nh6 Na7 48. Nxg4 Nb5+ 49. Kc2 Kd4 50. Nf6 h6 51. f4 Na3+ 52. Kc1 Nc4 53. Ng4 exf4 54. gxf4 h5 (54... a3 $5 55. Kb1 $8 Kxe4 $11) 55. Nf6 {Droht e5.} a3 {( -> ...a2)} 56. Kb1 {Und e5 würde nun gewinnen.} h4 57. e5 {e6 ist eine echte Drohung.} Ke3 58. e6 Kxf4 59. e7 Nd6 60. e8=Q Nxe8 61. Nxe8 {KS-KBB} Kg4 62. Ng7 h3 63. Ne6 Kf3 64. Ng5+ Kg2 65. Nxh3 Kxh2 66. Ka2 Kxh3 67. Kxa3 {Precision: Weiß = 44%, Schwarz = 59%.} 1/2-1/2